00427pab a2200157 454500008004000000100002000040245004700060260000900107300001300116362000800129650002800137650002600165650003000191650002200221773002600243180718b2006 xxu||||| |||| 00| 0 eng d aBiswas, Joydeep aEmerging trends in the Indian stock market c2006 ap.23-26. aJan aCapital markets - India aStock markets - India aFinancial markets - India aFinancial markets aManagement Accountant